000 00639nam a22002417a 4500
003 OSt
005 20250604103818.0
008 250604s2005 ag ||||| |||| 00| 1 spa d
020 _a9509779733
040 _cspa
100 1 _aMankell, Henning,
_d1948-2015,
_eautor
245 1 3 _aEl hombre sonriente /
_cHenning Mankell ; traducción del sueco de Carmen Montes Cano
250 _a2a ed.
260 _aBuenos Aires :
_bTusquets,
_c2005
300 _a399 p.
490 0 _aColección andanzas ;
_v523
648 4 _aSiglo XXI
650 4 _aLiteratura
651 4 _aSuecia
653 _aPolicial
655 4 _aNovela
942 _2udc
_cOG
_n0
999 _c517
_d517